[Event "AUTO-ELITE-998"]
[Site "http://www.queenalice.com/game.php?id=1072620"]
[Date "2012.6.16"]
[Round "1"]
[White "stan"]
[Black "polo"]
[Result "1/2-1/2"]
[WhiteElo "2394"]
[BlackElo "2203"]

1. e4 e6 2. d4 a6 3. c4 b5 4. cxb5 axb5 5. Bxb5 Bb7 6. Bd3 f5 7. exf5 Bxg2 8.
Qh5+ g6 9. fxg6 Bg7 10. gxh7+ Kf8 11. Nf3 Nf6 12. Qg6 Bxh1 13. Ne5 Qe8 14. Bh6
Qxg6 15. Nxg6+ Kf7 16. Ne5+ 1/2-1/2

[Event "AUTO-ELITE-998"]
[Site "http://www.queenalice.com/game.php?id=1072623"]
[Date "2012.6.16"]
[Round "1"]
[White "URANUS"]
[Black "stan"]
[Result "1/2-1/2"]
[WhiteElo "2433"]
[BlackElo "2388"]

1. e4 e5 2. Nf3 Nf6 3. d4 exd4 4. e5 Ne4 5. Qxd4 d5 6. exd6 Nxd6 7. Nc3 Nc6 8.
Qf4 Nf5 9. Bb5 Bd6 10. Qe4+ Qe7 11. Bg5 f6 12. Bd2 Bd7 13. O-O-O Qxe4 14. Nxe4
Be7 15. g4 Nd6 16. Nxd6+ Bxd6 1/2-1/2

[Event "AUTO-ELITE-998"]
[Site "http://www.queenalice.com/game.php?id=1072624"]
[Date "2012.6.16"]
[Round "1"]
[White "stan"]
[Black "URANUS"]
[Result "1/2-1/2"]
[WhiteElo "2389"]
[BlackElo "2432"]

1. e4 e5 2. Nf3 Nc6 3. Bb5 a6 4. Ba4 Nf6 5. O-O Be7 6. Re1 b5 7. Bb3 O-O 8. c3
d5 9. exd5 Nxd5 10. Nxe5 Nxe5 11. Rxe5 c6 12. d4 Bd6 13. Re1 Qh4 14. g3 Qh3 15.
Re4 g5 16. Qf1 Qh5 17. Nd2 Bf5 18. f3 Rae8 19. Rxe8 Rxe8 20. Ne4 Bxe4 21. fxe4
Rxe4 22. Bd1 g4 23. a4 Re6 24. axb5 axb5 25. Bd2 Ne3 26. Bxe3 Rxe3 27. Qf2 Rd3
28. Bc2 Rf3 29. Qe1 Bxg3 1/2-1/2

[Event "Challenge"]
[Site "http://www.queenalice.com/game.php?id=1082541"]
[Date "2012.7.14"]
[Round "-"]
[White "chein"]
[Black "stan"]
[Result "1/2-1/2"]
[WhiteElo "2426"]
[BlackElo "2388"]

1. d4 Nf6 2. c4 Nc6 3. Nf3 e6 4. e3 Bb4+ 5. Nbd2 d6 6. Bd3 e5 7. d5 e4 8. dxc6
exd3 9. cxb7 Bxd2+ 10. Bxd2 Bxb7 11. Bc3 Ne4 12. Qxd3 O-O 13. Rc1 Qd7 14. O-O
Nxc3 15. Rxc3 Bxf3 16. gxf3 Rae8 17. Qe2 Qh3 18. Kh1 Re5 1/2-1/2

[Event "Challenge"]
[Site "http://www.queenalice.com/game.php?id=1082542"]
[Date "2012.7.14"]
[Round "-"]
[White "stan"]
[Black "chein"]
[Result "1/2-1/2"]
[WhiteElo "2389"]
[BlackElo "2431"]

1. e4 c5 2. Nf3 d6 3. d4 cxd4 4. Nxd4 Nf6 5. Nc3 a6 6. h3 g6 7. g4 Bg7 8. Be3
O-O 9. Qe2 b5 10. g5 Nh5 11. O-O-O Bb7 12. Bg2 Nd7 13. Bf3 e6 14. a3 Rc8 15. Qe1
Ne5 16. Bxh5 gxh5 17. f4 Nc4 18. h4 1/2-1/2

[Event "AUTO-OPEN-2752"]
[Site "http://www.queenalice.com/game.php?id=1087876"]
[Date "2012.7.28"]
[Round "1"]
[White "Paulo_Lima"]
[Black "stan"]
[Result "0-1"]
[WhiteElo "1791"]
[BlackElo "2391"]

1. d4 Nf6 2. c4 Nc6 3. Nc3 e5 4. d5 Ne7 5. Nf3 Ng6 6. Bg5 Bb4 7. Qc2 h6 8. Bd2
O-O 9. e4 d6 10. h3 Bc5 11. Bd3 Nh5 12. Na4 Bd4 13. O-O Qf6 14. c5 Ngf4 15. Nxd4
exd4 16. Bxf4 Nxf4 17. b4 Bxh3 18. g3 Qg6 19. Rfe1 Bg4 20. Bf1 Bf3 0-1

[Event "AUTO-OPEN-2752"]
[Site "http://www.queenalice.com/game.php?id=1087877"]
[Date "2012.7.28"]
[Round "1"]
[White "stan"]
[Black "Paulo_Lima"]
[Result "1-0"]
[WhiteElo "2390"]
[BlackElo "1793"]

1. e4 c6 2. Nc3 d5 3. Qf3 dxe4 4. Nxe4 Nd7 5. Qe2 e6 6. Nf3 Ngf6 7. Nxf6+ Nxf6
8. g3 Bd6 9. Bg2 O-O 10. O-O Re8 11. d4 h6 12. Ne5 Bd7 13. c4 Rc8 14. Bf4 Qc7
15. Rfd1 Rcd8 16. c5 Bxe5 17. Bxe5 Qa5 18. Rd3 Bc8 19. Ra3 1-0

[Event "AUTO-OPEN-2752"]
[Site "http://www.queenalice.com/game.php?id=1087904"]
[Date "2012.7.28"]
[Round "1"]
[White "od_xavier"]
[Black "stan"]
[Result "0-1"]
[WhiteElo "1531"]
[BlackElo "2396"]

1. e4 Nc6 2. Nf3 f5 3. Nc3 fxe4 4. Nxe4 d5 5. Nc3 d4 6. Ne4 Qd5 7. d3 Nf6 8.
Nxf6+ gxf6 9. Be2 Bg4 10. O-O Rg8 11. c4 dxc3 12. bxc3 Bh3 13. g3 Bxf1 14. Qxf1
O-O-O 15. Qh3+ Kb8 16. Qxh7 f5 0-1

[Event "AUTO-OPEN-2752"]
[Site "http://www.queenalice.com/game.php?id=1087905"]
[Date "2012.7.28"]
[Round "1"]
[White "stan"]
[Black "od_xavier"]
[Result "1-0"]
[WhiteElo "2395"]
[BlackElo "1533"]

1. e4 e5 2. Bc4 Nf6 3. d4 exd4 4. Nf3 Bc5 5. e5 Qe7 6. O-O Ng4 7. Bg5 Qf8 8. h3
h6 9. Bh4 g5 10. Bg3 Nxe5 11. Nxe5 d5 12. Bxd5 Be6 13. Bxb7 Nd7 14. Bxa8 Qg7 15.
Bc6 Ke7 16. Bxd7 Bxd7 17. Re1 1-0

[Event "AUTO-OPEN-2752"]
[Site "http://www.queenalice.com/game.php?id=1087924"]
[Date "2012.7.28"]
[Round "1"]
[White "stan"]
[Black "Severynnas"]
[Result "1-0"]
[WhiteElo "2392"]
[BlackElo "1597"]

1. e4 e5 2. Bc4 Nf6 3. d4 exd4 4. Nf3 Nc6 5. Ng5 Be7 6. Nxf7 O-O 7. Nxd8+ d5 8.
exd5 Nxd8 9. d6+ Be6 10. dxe7 Bxc4 11. exf8=Q+ Kxf8 12. Qxd4 Bd5 13. O-O Nc6 14.
Qf4 Re8 15. Nc3 Bf7 16. Qxc7 Re7 17. Qc8+ Be8 18. Bg5 Kf7 19. Rfe1 Ne5 20. Nd5
Rd7 21. Rxe5 Rxd5 22. Bxf6 Rxe5 23. Bxe5 b5 24. Qf5+ Kg8 25. Qe6+ Kf8 26. Bd6#
1-0

[Event "AUTO-OPEN-2752"]
[Site "http://www.queenalice.com/game.php?id=1087925"]
[Date "2012.7.28"]
[Round "1"]
[White "Severynnas"]
[Black "stan"]
[Result "0-1"]
[WhiteElo "1463"]
[BlackElo "2393"]

1. d4 Nf6 2. c4 Nc6 3. f4 d5 4. Nc3 Bf5 5. cxd5 Nxd5 6. e4 Nxc3 7. bxc3 Bxe4 8.
Nf3 e6 9. Bb5 Qd5 10. Bxc6+ Qxc6 11. O-O Qxc3 12. Bd2 Qd3 13. a4 Bxf3 14. Rxf3
Qxd4+ 15. Be3 Qxd1+ 16. Rxd1 Bd6 17. h4 O-O-O 18. Bxa7 Bc5+ 19. Bxc5 Rxd1+ 20.
Kh2 Rhd8 21. Rf2 R8d2 22. Rxd2 Rxd2 23. a5 Ra2 24. Bb4 Kd7 25. Kh3 Ra4 26. g3
Rxb4 27. g4 Rxf4 28. g5 e5 29. h5 Ke6 30. h6 gxh6 31. gxh6 Kf5 32. Kg2 Kg4 33.
a6 bxa6 34. Kg1 Kg3 35. Kh1 Rf1# 0-1

[Event "AUTO-ELITE-1060"]
[Site "http://www.queenalice.com/game.php?id=1110192"]
[Date "2012.10.7"]
[Round "1"]
[White "stan"]
[Black "URANUS"]
[Result "0-1"]
[WhiteElo "2397"]
[BlackElo "2503"]

1. d4 Nf6 2. c4 g6 3. Nc3 d5 4. cxd5 Nxd5 5. e4 Nxc3 6. bxc3 Bg7 7. Be3 c5 8.
Qd2 Qa5 9. Rb1 cxd4 10. cxd4 Qxd2+ 11. Kxd2 O-O 12. Bd3 Rd8 13. Ne2 Nc6 14. Rhc1
Nxd4 15. Nxd4 Bxd4 16. Bxd4 Rxd4 17. Ke3 Ra4 18. Rc7 Be6 19. Rbxb7 Ra3 20. Ke2
Rxa2+ 21. Ke3 Ra3 22. Ke2 Rd8 23. Bb5 Rd4 24. Bc6 Bc4+ 25. Ke1 Ra1+ 0-1

[Event "AUTO-ELITE-1060"]
[Site "http://www.queenalice.com/game.php?id=1110197"]
[Date "2012.10.7"]
[Round "1"]
[White "stan"]
[Black "polo"]
[Result "1-0"]
[WhiteElo "2385"]
[BlackElo "2317"]

1. Nf3 Nf6 2. c4 Nc6 3. d4 e6 4. a3 d5 5. Nc3 a5 6. Bg5 Be7 7. e3 h6 8. Bxf6
Bxf6 9. Bd3 O-O 10. O-O dxc4 11. Bxc4 1-0

[Event "AUTO-ELITE-1060"]
[Site "http://www.queenalice.com/game.php?id=1110198"]
[Date "2012.10.7"]
[Round "1"]
[White "polo"]
[Black "stan"]
[Result "1-0"]
[WhiteElo "2307"]
[BlackElo "2388"]

1. e4 c5 2. Nf3 d6 3. d4 cxd4 4. Qxd4 Nc6 5. Bb5 Qa5+ 6. Nc3 Bd7 7. Bxc6 Bxc6 8.
O-O e5 9. Qe3 Nf6 10. Rb1 Be7 11. b4 Qc7 12. b5 Bd7 13. Bd2 O-O 14. Rfc1 Rfc8
15. Rb3 1-0

[Event "AUTO-ELITE-1088"]
[Site "http://www.queenalice.com/game.php?id=1130518"]
[Date "2012.12.12"]
[Round "1"]
[White "stan"]
[Black "krodo"]
[Result "0-1"]
[WhiteElo "2333"]
[BlackElo "2418"]

1. e4 e6 2. Nf3 d5 3. e5 c5 4. b4 cxb4 5. a3 Nc6 6. axb4 Bxb4 7. c3 Be7 8. d4 h5
9. Na3 a6 10. Bd3 Bd7 11. Nc2 Na7 12. Na3 Qc7 13. c4 Bb4+ 14. Bd2 Bxa3 15. cxd5
Be7 16. Rc1 Qb6 0-1

[Event "AUTO-ELITE-1088"]
[Site "http://www.queenalice.com/game.php?id=1130519"]
[Date "2012.12.12"]
[Round "1"]
[White "krodo"]
[Black "stan"]
[Result "1-0"]
[WhiteElo "2411"]
[BlackElo "2376"]

1. d4 Nf6 2. Nf3 g6 3. c4 Bg7 4. e3 O-O 5. Nc3 d6 6. Be2 c5 7. O-O Nc6 8. d5 Na5
9. e4 a6 10. h3 e6 11. Bf4 exd5 12. exd5 Re8 13. Bd3 1-0

[Event "AUTO-OPEN-2752"]
[Site "http://www.queenalice.com/game.php?id=1131596"]
[Date "2012.12.16"]
[Round "2"]
[White "stan"]
[Black "bonow"]
[Result "0-1"]
[WhiteElo "2294"]
[BlackElo "2136"]

1. e4 c5 2. Nf3 Nc6 3. Nc3 Nf6 4. Bb5 Nd4 5. e5 Nxb5 6. Nxb5 Nd5 7. O-O e6 8. c4
a6 9. d4 axb5 10. cxd5 exd5 11. dxc5 Bxc5 0-1

[Event "AUTO-OPEN-2752"]
[Site "http://www.queenalice.com/game.php?id=1131597"]
[Date "2012.12.16"]
[Round "2"]
[White "bonow"]
[Black "stan"]
[Result "1-0"]
[WhiteElo "2153"]
[BlackElo "2277"]

1. d4 Nf6 2. c4 Nc6 3. Nf3 e6 4. Bg5 h6 5. Bxf6 Qxf6 6. e3 Bb4+ 7. Nc3 e5 8. d5
Bxc3+ 9. bxc3 Ne7 10. Bd3 O-O 11. O-O 1-0